Pays d'Europe sur une carte - Erreurs éliminatoires - Statistiques

Statistiques générales
  • Ce quiz a été pris 5 495 fois
  • Le résultat moyen est 29 sur 45
Réponses sur la Carte
Les réponses sont colorées sur une échelle allant du rouge au vert en fonction du pourcentage des utilisateurs qui les ont devinées à leur premier essai. Vous pouvez retrouver ces pourcentages ci-dessous.
 
Statistiques - réponses
Pays % Correct
France
68%
Russie
68%
Suisse
68%
Allemagne
67%
Belgique
67%
Danemark
67%
Espagne
67%
Grèce
67%
Irlande
67%
Italie
67%
Pays-Bas
67%
Portugal
67%
Royaume- Uni
67%
Andorre
66%
Finlande
66%
Islande
66%
Luxembourg
66%
Monaco
66%
Pologne
66%
Suède
66%
Ukraine
66%
Malte
65%
Norvège
65%
Autriche
64%
Biélorussie
64%
Croatie
64%
Estonie
64%
Liechtenstein
64%
Vatican
64%
Roumanie
63%
Saint-Marin
63%
Lettonie
62%
République tchèque
62%
Lituanie
61%
Albanie
60%
Moldavie
60%
Bulgarie
59%
Slovénie
59%
Bosnie- Herzégovine
58%
Kosovo
58%
Hongrie
57%
Macédoine du Nord
57%
Serbie
57%
Slovaquie
57%
Monténégro
55%
Aucun quiz correspondant
Distribution des résultats
% des personnes avec chaque résultat
Percentile par nombre de réponses
Votre historique - résultats
Vous n’avez pas pris ce quiz